<?xml version="1.0" encoding="UTF-8"?>
<record
    xmlns:xsi="http://www.w3.org/2001/XMLSchema-instance"
    xsi:schemaLocation="http://www.loc.gov/MARC21/slim http://www.loc.gov/standards/marcxml/schema/MARC21slim.xsd"
    xmlns="http://www.loc.gov/MARC21/slim">

  <leader>01234nam2a2200265   4500</leader>
  <controlfield tag="001">rc\2973925</controlfield>
  <controlfield tag="005">20260315061819.0</controlfield>
  <datafield tag="035" ind1=" " ind2=" ">
    <subfield code="a">(NLR Aleph) 007119779</subfield>
  </datafield>
  <datafield tag="090" ind1=" " ind2=" ">
    <subfield code="a">13608340</subfield>
    <subfield code="c">13608340</subfield>
  </datafield>
  <datafield tag="100" ind1=" " ind2=" ">
    <subfield code="a">20080127d1934    u  y0rusy50      ca</subfield>
  </datafield>
  <datafield tag="101" ind1="0" ind2=" ">
    <subfield code="a">rus</subfield>
  </datafield>
  <datafield tag="102" ind1=" " ind2=" ">
    <subfield code="a">RU</subfield>
  </datafield>
  <datafield tag="105" ind1=" " ind2=" ">
    <subfield code="a">y   z   |||||</subfield>
  </datafield>
  <datafield tag="200" ind1="0" ind2=" ">
    <subfield code="a">&#x412;&#x44B;&#x43F;. 3</subfield>
    <subfield code="f">&#x414;&#x430;&#x432;&#x44B;&#x434;&#x43E;&#x432; &#x41D;.&#x41D;., &#x421;&#x430;&#x443;&#x448;&#x43A;&#x438;&#x43D; &#x41C;.&#x41C;. , &#x428;&#x443;&#x432;&#x430;&#x435;&#x432; &#x41A;.&#x412;.</subfield>
  </datafield>
  <datafield tag="210" ind1=" " ind2=" ">
    <subfield code="d">1934</subfield>
  </datafield>
  <datafield tag="215" ind1=" " ind2=" ">
    <subfield code="a">&#x41E;&#x431;&#x43B;., 189, [2] &#x441;.</subfield>
  </datafield>
  <datafield tag="461" ind1=" " ind2="0">
    <subfield code="1">001rc\2973924</subfield>
    <subfield code="1">2000#$a&#x41E;&#x441;&#x43D;&#x43E;&#x432;&#x44B; &#x441;&#x43E;&#x432;&#x435;&#x442;&#x441;&#x43A;&#x43E;&#x433;&#x43E; &#x431;&#x443;&#x445;&#x433;&#x430;&#x43B;&#x442;&#x435;&#x440;&#x441;&#x43A;&#x43E;&#x433;&#x43E; &#x443;&#x447;&#x435;&#x442;&#x430;$f&#x41F;&#x43E;&#x434; &#x440;&#x435;&#x434;. &#x41E;&#x441;&#x435;&#x442;&#x440;&#x43E;&#x432;&#x430; &#x41A;.&#x412;.$g&#x426;&#x423;&#x41D;&#x425;&#x423; &#x413;&#x43E;&#x441;&#x43F;&#x43B;&#x430;&#x43D;&#x430; &#x421;&#x421;&#x421;&#x420;. &#x412;/&#x43E; &#x421;&#x43E;&#x44E;&#x437;&#x43E;&#x440;&#x433;&#x443;&#x447;&#x435;&#x442; - &#x41C;&#x43E;&#x441;&#x43A;. &#x43E;&#x431;&#x43B;. &#x443;&#x447;&#x435;&#x431;. &#x43A;&#x43E;&#x43C;&#x431;&#x438;&#x43D;&#x430;&#x442;$v&#x412;&#x44B;&#x43F;. 3</subfield>
    <subfield code="9">6851053</subfield>
    <subfield code="a">&#x41C;&#x43E;&#x441;&#x43A;&#x43E;&#x432;&#x441;&#x43A;&#x438;&#x439; &#x443;&#x447;&#x435;&#x431;&#x43D;&#x44B;&#x439; &#x443;&#x447;&#x435;&#x442;&#x43D;&#x43E;-&#x44D;&#x43A;&#x43E;&#x43D;&#x43E;&#x43C;&#x438;&#x447;&#x435;&#x441;&#x43A;&#x438;&#x439; &#x43A;&#x43E;&#x43C;&#x431;&#x438;&#x43D;&#x430;&#x442;</subfield>
    <subfield code="c">&#x41C;&#x43E;&#x441;&#x43A;&#x432;&#x430;</subfield>
    <subfield code="d">1934</subfield>
    <subfield code="f">&#x41F;&#x43E;&#x434; &#x440;&#x435;&#x434;. &#x41E;&#x441;&#x435;&#x442;&#x440;&#x43E;&#x432;&#x430; &#x41A;.&#x412;.</subfield>
    <subfield code="n">&#x421;&#x43E;&#x44E;&#x437;&#x43E;&#x440;&#x433;&#x443;&#x447;&#x435;&#x442;</subfield>
    <subfield code="t">&#x41E;&#x441;&#x43D;&#x43E;&#x432;&#x44B; &#x441;&#x43E;&#x432;&#x435;&#x442;&#x441;&#x43A;&#x43E;&#x433;&#x43E; &#x431;&#x443;&#x445;&#x433;&#x430;&#x43B;&#x442;&#x435;&#x440;&#x441;&#x43A;&#x43E;&#x433;&#x43E; &#x443;&#x447;&#x435;&#x442;&#x430;</subfield>
    <subfield code="v">&#x412;&#x44B;&#x43F;. 3</subfield>
  </datafield>
  <datafield tag="701" ind1=" " ind2="1">
    <subfield code="a">&#x414;&#x430;&#x432;&#x44B;&#x434;&#x43E;&#x432;</subfield>
    <subfield code="b">&#x41D;.&#x41D;.</subfield>
  </datafield>
  <datafield tag="701" ind1=" " ind2="1">
    <subfield code="a">&#x421;&#x430;&#x443;&#x448;&#x43A;&#x438;&#x43D;</subfield>
    <subfield code="b">&#x41C;.&#x41C;.</subfield>
  </datafield>
  <datafield tag="701" ind1=" " ind2="1">
    <subfield code="a">&#x428;&#x443;&#x432;&#x430;&#x435;&#x432;</subfield>
    <subfield code="b">&#x41A;.&#x412;.</subfield>
  </datafield>
  <datafield tag="801" ind1=" " ind2="0">
    <subfield code="a">RU</subfield>
    <subfield code="b">NLR</subfield>
    <subfield code="g">psbo</subfield>
  </datafield>
  <datafield tag="801" ind1=" " ind2="1">
    <subfield code="a">RU</subfield>
    <subfield code="b">ELAR</subfield>
    <subfield code="2">rusmarc</subfield>
  </datafield>
  <datafield tag="852" ind1=" " ind2=" ">
    <subfield code="a">NLR</subfield>
    <subfield code="j">34-18/38(3)</subfield>
  </datafield>
  <datafield tag="942" ind1=" " ind2=" ">
    <subfield code="c">UNSPEC</subfield>
  </datafield>
  <datafield tag="980" ind1=" " ind2=" ">
    <subfield code="a">NB</subfield>
  </datafield>
</record>
